Descripción de Grecia
Saved in:
| Hovedforfatter: | |
|---|---|
| Format: | Bog |
| Sprog: | spansk |
| Udgivet: |
Madrid, España
Gredos
1994
|
| Serier: | Biblioteca Clásica Gredos,
196-198 |
| Fag: | |
| Tags: |
Tilføj Tag
Ingen Tags, Vær først til at tagge denne postø!
|
MARC
| LEADER | 00000nam a2200000 a 4500 | ||
|---|---|---|---|
| 001 | UCN0369 | ||
| 003 | CL-VaPUC | ||
| 005 | 20230324153732.0 | ||
| 008 | 010323e19940000SP |||||||||||||||||spa|d | ||
| 999 | |c 294133 |d 294131 | ||
| 040 | |c Pontificia Universidad Católica de Valparaíso | ||
| 082 | 0 | 4 | |a 938 PAU 1994 |2 21 |
| 100 | |a Pausanias |e autor |9 455583 | ||
| 245 | 1 | 0 | |a Descripción de Grecia |
| 260 | |a Madrid, España |b Gredos |c 1994 | ||
| 300 | |a 3 volúmenes | ||
| 490 | 0 | |a Biblioteca Clásica Gredos, |v 196-198 | |
| 500 | |a v.1: Libros I-II | ||
| 500 | |a v.2: Libros III-VI | ||
| 500 | |a v.3: Libros VII-X | ||
| 583 | |a last modification |c 20010323 00:00:00 |k Rodrigo Vera | ||
| 650 | 0 | |a Historia de Grecia |9 267917 | |
| 650 | 0 | |a Civilizaciones antiguas |9 265998 | |
| 942 | |c BK |2 ddc | ||
| 945 | |d 20010323 00:00:00 |a cmena | ||
| 952 | |0 0 |1 0 |4 0 |6 938_000000000000000_PAU_1994 |7 0 |8 X |9 346021 |a BIBHIS |b BIBHIS |d 2019-11-20 |h v.1 |i 3702936 |o 938 PAU 1994 |p 3702936 |r 2024-01-30 |w 2019-11-20 |y BK_X |k HIS | ||
| 952 | |0 0 |1 0 |4 0 |6 938_000000000000000_PAU_1994 |7 0 |8 X |9 346022 |a BIBHIS |b BIBHIS |d 2019-11-20 |h v.2 |i 3702944 |o 938 PAU 1994 |p 3702944 |r 2024-01-30 |w 2019-11-20 |y BK_X |k HIS | ||
| 952 | |0 0 |1 0 |4 0 |6 938_000000000000000_PAU_1994 |7 0 |8 X |9 346023 |a BIBHIS |b BIBHIS |d 2019-11-20 |h v.3 |i 3702952 |o 938 PAU 1994 |p 3702952 |r 2024-01-30 |w 2019-11-20 |y BK_X |k HIS | ||